Analysis of An Advertising Campaign in The Light of Cultural Diversity - A Case Study on Fresher Juice (Record no. 526996)
[ view plain ]
| 000 -LEADER | |
|---|---|
| fixed length control field | 00596nam a22001937a 4500 |
| 003 - CONTROL NUMBER IDENTIFIER | |
| control field | NUST |
| 005 - DATE AND TIME OF LATEST TRANSACTION | |
| control field | 20230224092841.0 |
| 008 - FIXED-LENGTH DATA ELEMENTS--GENERAL INFORMATION | |
| fixed length control field | 190718b ||||| |||| 00| 0 eng d |
| 038 ## - RECORD CONTENT LICENSOR | |
| Staff Name | Attaullah. |
| 082 ## - DEWEY DECIMAL CLASSIFICATION NUMBER | |
| Classification number | 658 |
| 100 ## - MAIN ENTRY--PERSONAL NAME | |
| Personal name | Khurshid, Sana |
| 9 (RLIN) | 18046 |
| 245 ## - TITLE STATEMENT | |
| Title | Analysis of An Advertising Campaign in The Light of Cultural Diversity - A Case Study on Fresher Juice |
| Statement of responsibility, etc. | Sana Khurshid. |
| 260 ## - PUBLICATION, DISTRIBUTION, ETC. | |
| Place of publication, distribution, etc. | Islamabad : |
| Name of publisher, distributor, etc. | NBS - NUST, |
| Date of publication, distribution, etc. | 2013. |
| 300 ## - PHYSICAL DESCRIPTION | |
| Extent | 65 p. : ill. ; |
| Dimensions | 30cm. |
| 500 ## - GENERAL NOTE | |
| General note | Hard Cover. |
| 650 ## - SUBJECT ADDED ENTRY--TOPICAL TERM | |
| Topical term or geographic name entry element | MBA Thesis. |
| 9 (RLIN) | 17629 |
| 700 ## - ADDED ENTRY--PERSONAL NAME | |
| Personal name | Dr. Masrur Alam Khan. |
| 9 (RLIN) | 17871 |
| 942 ## - ADDED ENTRY ELEMENTS (KOHA) | |
| Source of classification or shelving scheme | |
| Koha item type | Thesis |
| Withdrawn status | Lost status | Source of classification or shelving scheme | Damaged status | Not for loan | Permanent Location | Current Location | Shelving location | Date acquired | Total Checkouts | Full call number | Barcode | Date last seen | Price effective from | Koha item type |
|---|---|---|---|---|---|---|---|---|---|---|---|---|---|---|
| Central Library (CL) | Central Library (CL) | Thesis | 07/18/2019 | 658 | CL-T-2691 | 07/19/2019 | 07/18/2019 | Thesis |
